000
00345 a2200157 4500
001
150116
040
_c
Escola São Tomás de Aquino
100
_a
ALBERGARIA , Lino de
240
1
0
_a
Cinco anos sem chover
_l
por
245
1
0
_a
Cinco anos sem chover
300
_a
63
362
0
_a
1999
440
1
_a
FTD
697
_a
CIÊNCIAS
942
_c
BK
999
_c
150116
_d
150116